000 00966nam a2200253Ia 4500
003 OSt
005 20221005112335.0
006 a|||||r|||| 00| 0
007 ta
008 221004b |||||||| |||| 00| 0 mal d
020 _a9789387276666 (hbk)
_cINR 175.00
024 _a45280
037 _bSP/6265, 11/02/2019, Star Publications Pvt. Ltd.
_cTextual
040 _aCRL
_cCRL
_bmal
041 _2mal
_amal
082 _aO13,1:g, 153Q8
100 _aਲਹਿਰੀ, ਰਾਜਿੰਦਰ, ਂਚ।
245 0 _aਅਰਸਤੂ ਦੇ ਕਾਵਿੑਾਸਤਰ ਦੀ ਨਵੀ੍ਵ ਪੜ੍ਹਤ
260 _aਸ਼ਪਟਿਆਲਾ
_bਗ੍ਰੈfਅਸ ਭਾਰਤ
_c2018
300 _a106ਪ੍ਰ0
_ccm.
650 _aਗ੍ਰੀਕ ਸਾਹਿਤ
942 _hO13,1:g, 153Q8
_cTEXL
_2cc
999 _c1024609
_d1024609